| 000 | 00629nam a2200217Ia 4500 | ||
|---|---|---|---|
| 003 | BUBTL | ||
| 008 | 151213s9999 xx 000 0 und d | ||
| 020 | _a0256202818 | ||
| 082 | _a658.8/ P4412m/ 1996 | ||
| 100 |
_a Peter, J. Paul _92725 |
||
| 245 |
_aA Preface to Marketing Management: _cJ. Paul Peten & James H. Donnelly |
||
| 250 | _a7th | ||
| 260 |
_aU S A _bRob Zwettlen _cc1996 |
||
| 300 |
_axi, 368p. : _b23cm. |
||
| 500 | _aIncludes Index | ||
| 650 |
_aMarketing _92726 |
||
| 700 |
_aJ. Paul Peten & James H. Donnelly _92727 |
||
| 856 |
_k0 _l0 _yDownload |
||
| 942 |
_2ddc _cBK |
||
| 999 |
_c1995 _d1995 |
||